Differential forms in electromagnetics / (Record no. 29707)

000 -LEADER
fixed length control field 00694 a2200193 4500
020 ## - INTERNATIONAL STANDARD BOOK NUMBER
International Standard Book Number 0471648019
020 ## - INTERNATIONAL STANDARD BOOK NUMBER
International Standard Book Number 9780471648017
082 ## - DEWEY DECIMAL CLASSIFICATION NUMBER
Classification number 537.0151
090 ## - LOCALLY ASSIGNED LC-TYPE CALL NUMBER (OCLC); LOCAL CALL NUMBER (RLIN)
-- 1090
-- 1090
100 1# - MAIN ENTRY--PERSONAL NAME
Personal name Lindell, Ismo V.
245 10 - TITLE STATEMENT
Title Differential forms in electromagnetics /
Statement of responsibility, etc. Ismo V. Lindell.
260 ## - PUBLICATION, DISTRIBUTION, ETC.
Place of publication, distribution, etc. [S.l.] :
Name of publisher, distributor, etc. Wiley-IEEE Press,
Date of publication, distribution, etc. 2004.
300 ## - PHYSICAL DESCRIPTION
Extent 253 p. ;
Dimensions 25 cm.
490 1# - SERIES STATEMENT
Series statement Ieee press series on electromagnetic wave theory.
700 ## - ADDED ENTRY--PERSONAL NAME
Personal name Lindell, Ismo V.
830 #0 - SERIES ADDED ENTRY--UNIFORM TITLE
Uniform title Ieee press series on electromagnetic wave theory.
942 ## - ADDED ENTRY ELEMENTS (KOHA)
Institution code [OBSOLETE] SNS
Koha item type Book
Call number prefix 537.0151 LIN
Holdings
Withdrawn status Lost status Damaged status Not for loan Permanent Location Current Location Date acquired Total Checkouts Full call number Barcode Date last seen Price effective from Koha item type
        School of Natural Sciences (SNS) School of Natural Sciences (SNS) 05/26/2016   537.0151 LIN SNS0001527 05/26/2016 05/26/2016 Book
© 2023 Central Library, National University of Sciences and Technology. All Rights Reserved.